[Event "BPB Limburg open C"]
[Site "Maastricht"]
[Date "2014.06.08"]
[Round "4"]
[White "Van der Hoeven, Carsten"]
[Black "Steinhart, Roel"]
[Result "1-0"]
[WhiteElo "1366"]
[BlackElo "1564"]
[PlyCount "61"]
[EventDate "2014.06.06"]
[EventType "swiss"]
[EventRounds "7"]
[EventCountry "NED"]
[Source "P.Boonen"]
[SourceDate "2014.10.10"]

1. e4 e5 2. Nf3 Qf6 3. Bc4 Bc5 4. d3 d6 5. Bg5 Qg6 6. Nc3 c6 7. h4 h5 8. Qd2 f6
9. O-O-O Bg4 10. Be3 Bb4 11. Rhg1 Ne7 12. a3 Ba5 13. d4 d5 14. exd5 Nxd5 15.
Bxd5 cxd5 16. dxe5 fxe5 17. Qxd5 Nc6 18. Nxe5 Nxe5 19. Qxe5+ Kf7 20. Qxa5 Bxd1
21. Rxd1 Kg8 22. Rd8+ Rxd8 23. Qxd8+ Kh7 24. Qd5 b6 25. Ne4 Rf8 26. Ng5+ Kh8
27. Ne6 Rg8 28. Nf4 Qh7 29. Qf7 Qe4 30. Qxh5+ Qh7 31. Ng6# 1-0

[Event "BPB Limburg open C"]
[Site "Maastricht"]
[Date "2014.06.08"]
[Round "4"]
[White "Vande Ginste, Michiel"]
[Black "Bratuszewski, Jorden"]
[Result "0-1"]
[WhiteElo "1503"]
[BlackElo "1672"]
[PlyCount "48"]
[EventDate "2014.06.06"]
[EventType "swiss"]
[EventRounds "7"]
[EventCountry "NED"]
[Source "P.Boonen"]
[SourceDate "2014.10.10"]

1. b3 Nf6 2. Bb2 c5 3. Nf3 Nc6 4. d3 d5 5. Nbd2 Bg4 6. g3 Qc7 7. Bg2 e5 8. O-O
Rd8 9. Nb1 Be7 10. Nfd2 O-O 11. f3 Bh5 12. Qe1 d4 13. Ne4 Nd5 14. Bc1 h6 15. c4
dxc3 16. Nbxc3 Ndb4 17. Qd1 f5 18. Nf2 Bf6 19. Bb2 Nd4 20. a3 Nbc2 21. Nb5 Qb6
22. Nxd4 Ne3 23. Qc1 cxd4 24. Re1 Rc8 0-1

[Event "BPB Limburg open C"]
[Site "Maastricht"]
[Date "2014.06.08"]
[Round "4"]
[White "Vandevelde, Luc"]
[Black "Heijenrath, Jan"]
[Result "0-1"]
[WhiteElo "1534"]
[BlackElo "1740"]
[PlyCount "66"]
[EventDate "2014.06.06"]
[EventType "swiss"]
[EventRounds "7"]
[EventCountry "NED"]
[Source "P.Boonen"]
[SourceDate "2014.10.10"]

1. e4 c5 2. Nf3 d6 3. Bb5+ Bd7 4. Bxd7+ Nxd7 5. c4 Ngf6 6. d3 g6 7. b3 Bg7 8.
Bb2 O-O 9. O-O a6 10. Qe2 b5 11. Nc3 Rb8 12. h3 e6 13. Nh2 Qb6 14. f4 Nh5 15.
Rf3 Bd4+ 16. Kh1 Qd8 17. g4 Ng7 18. g5 f5 19. h4 Re8 20. Nd1 Bxb2 21. Qxb2 bxc4
22. dxc4 fxe4 23. Re3 Nf5 24. Rxe4 Ng3+ 25. Kg2 Nxe4 26. Ng4 e5 27. Nde3 Nb6
28. Qc2 exf4 29. Nh6+ Kf8 30. Qb2 Re5 31. Neg4 Nxc4 32. Qc1 Ncd2 33. Nxe5 dxe5
0-1

[Event "BPB Limburg open C"]
[Site "Maastricht"]
[Date "2014.06.08"]
[Round "4"]
[White "Visse, Bernard"]
[Black "Loutragotis, Paraske"]
[Result "0-1"]
[WhiteElo "1670"]
[BlackElo "1570"]
[PlyCount "104"]
[EventDate "2014.06.06"]
[EventType "swiss"]
[EventRounds "7"]
[EventCountry "NED"]
[Source "P.Boonen"]
[SourceDate "2014.10.10"]

1. d4 Nf6 2. Bf4 d6 3. e3 g6 4. Nd2 Bg7 5. c3 Nbd7 6. h3 O-O 7. Bc4 c6 8. a4
Ne8 9. Ndf3 h6 10. Ne2 Nc7 11. Bg3 Nb6 12. Bb3 Ne6 13. O-O c5 14. a5 Nd7 15.
Nh4 Nf6 16. Qc2 cxd4 17. Nxd4 Nxd4 18. cxd4 d5 19. Be5 Be6 20. Bxf6 Bxf6 21.
Nxg6 fxg6 22. Qxg6+ Kh8 23. Qxh6+ Kg8 24. Qg6+ Kh8 25. Qh6+ Kg8 26. Bc2 Rf7 27.
Bg6 Rg7 28. g4 Bf7 29. Bxf7+ Rxf7 30. f4 Qf8 31. Qxf8+ Raxf8 32. Rac1 e6 33. b4
Be7 34. b5 Bb4 35. a6 Bd2 36. Rc2 Bxe3+ 37. Kg2 bxa6 38. bxa6 Bxd4 39. Re1 Re8
40. Rce2 Rfe7 41. h4 Bc3 42. Rf1 d4 43. Rf3 Rd7 44. Rd3 Ree7 45. Kf3 Rd6 46. f5
Rf7 47. Kf4 exf5 48. Re8+ Kg7 49. gxf5 Rxa6 50. Rg3+ Kh7 51. Rgg8 d3 52. Rh8+
Bxh8 0-1

[Event "BPB Limburg open C"]
[Site "Maastricht"]
[Date "2014.06.08"]
[Round "4"]
[White "Welling, Ella"]
[Black "Nissel, Andreas"]
[Result "0-1"]
[WhiteElo "1000"]
[BlackElo "1737"]
[PlyCount "80"]
[EventDate "2014.06.06"]
[EventType "swiss"]
[EventRounds "7"]
[EventCountry "NED"]
[Source "P.Boonen"]
[SourceDate "2014.10.10"]

1. g3 d5 2. Bg2 e5 3. d3 c6 4. Nf3 Bd6 5. O-O Ne7 6. e4 Bg4 7. Qe1 d4 8. b3 Nd7
9. c4 O-O 10. Bg5 f6 11. Bc1 a5 12. Ba3 c5 13. Nbd2 b6 14. Nh4 g5 15. Nf5 Nxf5
16. exf5 Bxf5 17. Bxa8 Qxa8 18. Ne4 Bc7 19. f3 Qe8 20. g4 Be6 21. Qg3 Qg6 22.
Rae1 h5 23. h4 hxg4 24. fxg4 gxh4 25. Qxh4 Qxg4+ 26. Qxg4+ Bxg4 27. Bc1 Kg7 28.
Rf2 Rd8 29. Kh1 Rh8+ 30. Rh2 Rxh2+ 31. Kxh2 f5 32. Ng5 Kf6 33. Nh7+ Kg6 34. Ng5
e4+ 35. Kg2 e3 36. Nf3 Nf6 37. a4 Nh5 38. Nh4+ Kf6 39. Nf3 Nf4+ 40. Kg3 Nxd3+
0-1

[Event "BPB Limburg open C"]
[Site "Maastricht"]
[Date "2014.06.08"]
[Round "4"]
[White "Zhang, Martin"]
[Black "Katranov, Lev"]
[Result "1-0"]
[WhiteElo "1546"]
[BlackElo "1429"]
[PlyCount "99"]
[EventDate "2014.06.06"]
[EventType "swiss"]
[EventRounds "7"]
[EventCountry "NED"]
[Source "P.Boonen"]
[SourceDate "2014.10.10"]

1. e4 e5 2. Nf3 Nf6 3. Nxe5 d6 4. Nf3 Nxe4 5. d4 d5 6. Bf4 Bg4 7. Qd3 c6 8. Qe3
Qe7 9. c3 Bxf3 10. gxf3 Nf6 11. Nd2 Nbd7 12. O-O-O O-O-O 13. h4 h6 14. Qd3 Ne8
15. Qa6 Nc7 16. Qxa7 g6 17. Nb3 Qf6 18. Bg3 Bd6 19. Na5 Bf4+ 20. Bxf4 Qxf4+ 21.
Kb1 Nb8 22. Qxb7+ Kd7 23. c4 Qxf3 24. Bh3+ f5 25. cxd5 Qxd5 26. Nb3 Qb5 27.
Nc5+ Kd6 28. Qxb5 Nxb5 29. Nb7+ Ke6 30. Nxd8+ Rxd8 31. Rhe1+ Kf6 32. Re2 c5 33.
Red2 cxd4 34. a4 Nc7 35. Rxd4 Rxd4 36. Rxd4 Ne6 37. Rb4 Nc6 38. Rb6 Na5 39. b4
Nc4 40. Rb8 g5 41. hxg5+ hxg5 42. a5 Nc7 43. Rc8 Na3+ 44. Ka2 Nab5 45. a6 Nc3+
46. Kb3 Nxa6 47. Kxc3 Nxb4 48. Kxb4 g4 49. Bxg4 fxg4 50. Rc5 1-0

[Event "BPB Limburg open C"]
[Site "Maastricht"]
[Date "2014.06.08"]
[Round "5"]
[White "Baeten, Wim"]
[Black "Vossen, Patrick"]
[Result "0-1"]
[WhiteElo "1000"]
[BlackElo "1500"]
[PlyCount "66"]
[EventDate "2014.06.06"]
[EventType "swiss"]
[EventRounds "7"]
[EventCountry "NED"]
[Source "P.Boonen"]
[SourceDate "2014.10.10"]

1. d4 d5 2. c4 c6 3. Nc3 Nf6 4. Bf4 e6 5. e3 Bb4 6. cxd5 Nxd5 7. Nge2 Nxf4 8.
Nxf4 Nd7 9. Bd3 Nf6 10. O-O O-O 11. Ne4 Nxe4 12. Bxe4 Bd6 13. Nd3 Bxh2+ 14.
Kxh2 Qh4+ 15. Kg1 Qxe4 16. Rc1 b6 17. Rc3 Bb7 18. Ne5 Rfd8 19. Qh5 g6 20. Qh6
c5 21. f3 Qf5 22. g4 Qf6 23. f4 Qe7 24. Rfc1 Rac8 25. Kf2 cxd4 26. Rh1 dxe3+
27. Rxe3 Rc2+ 28. Kg3 Bxh1 29. Qxh1 Qc5 30. Rf3 Rc1 31. Qh4 Qg1+ 32. Kh3 Qh1+
33. Kg3 Rg1+ 0-1

[Event "BPB Limburg open C"]
[Site "Maastricht"]
[Date "2014.06.08"]
[Round "5"]
[White "Barbaric, Marko"]
[Black "Janssen, Fynn"]
[Result "0-1"]
[WhiteElo "1410"]
[BlackElo "1335"]
[PlyCount "118"]
[EventDate "2014.06.06"]
[EventType "swiss"]
[EventRounds "7"]
[EventCountry "NED"]
[Source "P.Boonen"]
[SourceDate "2014.10.10"]

1. e4 e5 2. Nf3 Nc6 3. Bc4 Bc5 4. Nc3 d6 5. h3 Nf6 6. d3 Be6 7. Bb3 h6 8. Be3
Nd4 9. O-O O-O 10. Na4 Nxb3 11. axb3 Bb6 12. c4 c5 13. Nxb6 Qxb6 14. Nh4 Qd8
15. Nf5 Bxf5 16. exf5 b6 17. f4 e4 18. dxe4 Nxe4 19. Qd3 Re8 20. Rae1 Qf6 21.
g4 h5 22. Bf2 Nxf2 23. Rxe8+ Rxe8 24. Rxf2 hxg4 25. hxg4 Qh4 26. Qd1 Qg3+ 27.
Kf1 Re3 28. Qd2 Qh3+ 29. Kg1 Qxg4+ 30. Rg2 Qxf4 31. Rf2 Rg3+ 32. Kf1 Qxd2 33.
Rxd2 Rxb3 34. Rxd6 Rxb2 35. Rd8+ Kh7 36. f6 gxf6 37. Rd7 a5 38. Rxf7+ Kg6 39.
Rb7 Kg5 40. Ke1 f5 41. Rg7+ Kf4 42. Rd7 Ke3 43. Kd1 f4 44. Kc1 Rb4 45. Re7+ Kf3
46. Re6 Rxc4+ 47. Kd2 Rb4 48. Re1 Kg2 49. Re2+ Kg3 50. Kd3 c4+ 51. Kc2 f3 52.
Re3 Kg2 53. Kc3 Rb3+ 54. Kc2 Rxe3 55. Kd2 Rd3+ 56. Kc2 f2 57. Kb2 f1=Q 58. Ka2
Qe2+ 59. Kb1 Rd1# 0-1

[Event "BPB Limburg open C"]
[Site "Maastricht"]
[Date "2014.06.08"]
[Round "5"]
[White "Beukema, Constantijn"]
[Black "Reusink, Hans"]
[Result "0-1"]
[WhiteElo "1000"]
[BlackElo "1553"]
[PlyCount "64"]
[EventDate "2014.06.06"]
[EventType "swiss"]
[EventRounds "7"]
[EventCountry "NED"]
[Source "P.Boonen"]
[SourceDate "2014.10.10"]

1. e4 c5 2. Nf3 e6 3. d4 cxd4 4. Nxd4 Nc6 5. Nxc6 bxc6 6. Nc3 Bb4 7. Bd2 Nf6 8.
f3 O-O 9. Bd3 d5 10. e5 Nd7 11. f4 c5 12. Qh5 g6 13. Qh6 c4 14. Be2 Re8 15. O-O
Bf8 16. Qg5 Qb6+ 17. Kh1 Qxb2 18. Rfc1 Qa3 19. Nb5 Qc5 20. a4 a6 21. Nc3 Bb7
22. Rab1 Rab8 23. Nd1 d4 24. Bb4 Qc7 25. Bd6 Bxd6 26. exd6 Qxd6 27. Bxc4 Qc6
28. Bb3 Nf6 29. Nf2 Kg7 30. Nd3 h6 31. Qg3 Ne4 32. Ne5 Nxg3+ 0-1

[Event "BPB Limburg open C"]
[Site "Maastricht"]
[Date "2014.06.08"]
[Round "5"]
[White "Boudry, William"]
[Black "Van der Hoeven, Carsten"]
[Result "1-0"]
[WhiteElo "1610"]
[BlackElo "1366"]
[PlyCount "65"]
[EventDate "2014.06.06"]
[EventType "swiss"]
[EventRounds "7"]
[EventCountry "NED"]
[Source "P.Boonen"]
[SourceDate "2014.10.10"]

1. c4 d6 2. g3 Nf6 3. Bg2 g6 4. Nc3 Bg7 5. d3 Nbd7 6. Nf3 O-O 7. O-O a6 8. Rb1
Rb8 9. a4 c6 10. b4 b5 11. axb5 cxb5 12. cxb5 axb5 13. Nd4 Nd5 14. Ncxb5 Bxd4
15. Nxd4 Rxb4 16. Nc6 Qb6 17. Nxb4 Nc3 18. Qb3 Nxe2+ 19. Kh1 Nd4 20. Qc4 Bb7
21. Bxb7 Qxb7+ 22. Qd5 Qa7 23. Be3 e5 24. Bxd4 exd4 25. Nc6 Qa6 26. Qxd6 Qxd3
27. Qxd7 Qf3+ 28. Kg1 d3 29. Ne5 Qf6 30. Ng4 Qf3 31. Qd4 Rc8 32. Nh6+ Kf8 33.
Qh8+ 1-0

[Event "BPB Limburg open C"]
[Site "Maastricht"]
[Date "2014.06.08"]
[Round "5"]
[White "Bratuszewski, Jorden"]
[Black "Sprong, Ton"]
[Result "1/2-1/2"]
[WhiteElo "1672"]
[BlackElo "1738"]
[PlyCount "110"]
[EventDate "2014.06.06"]
[EventType "swiss"]
[EventRounds "7"]
[EventCountry "NED"]
[Source "P.Boonen"]
[SourceDate "2014.10.10"]

1. c4 e6 2. Nc3 c5 3. Nf3 Nc6 4. d4 cxd4 5. Nxd4 Nxd4 6. Qxd4 Qf6 7. Qxf6 Nxf6
8. Nb5 Bb4+ 9. Bd2 Bxd2+ 10. Kxd2 Ke7 11. f3 a6 12. Nc3 d6 13. e3 Rd8 14. Bd3
Bd7 15. Ke2 Rac8 16. g4 h6 17. h4 Bc6 18. Rhd1 Nd7 19. Kf2 Ne5 20. Be2 Bd7 21.
b3 Bc6 22. h5 Rf8 23. f4 Nd7 24. b4 Nf6 25. b5 axb5 26. cxb5 Ne4+ 27. Nxe4 Bxe4
28. Rdc1 Rc5 29. Rxc5 dxc5 30. b6 Rd8 31. Bf3 Bxf3 32. Kxf3 Ra8 33. a4 Ra5 34.
g5 c4 35. gxh6 gxh6 36. Ke4 Kd6 37. Kd4 Kc6 38. Kxc4 Kxb6 39. Rg1 Rxh5 40. Rg7
Rf5 41. Rh7 h5 42. Rh8 Rc5+ 43. Kb4 Rf5 44. Kc4 Kc7 45. Kd4 Ra5 46. Rh7 Rf5 47.
Rh8 Kb6 48. Kc4 Kc7 49. Kd4 b6 50. Kc4 Rc5+ 51. Kb4 Rf5 52. Kc4 e5 53. fxe5
Rxe5 54. Rh7 Rf5 55. Kd4 Kd6 1/2-1/2

[Event "BPB Limburg open C"]
[Site "Maastricht"]
[Date "2014.06.08"]
[Round "5"]
[White "Chappin, Rene"]
[Black "Mollema, Henk"]
[Result "1/2-1/2"]
[WhiteElo "1668"]
[BlackElo "1568"]
[PlyCount "33"]
[EventDate "2014.06.06"]
[EventType "swiss"]
[EventRounds "7"]
[EventCountry "NED"]
[Source "P.Boonen"]
[SourceDate "2014.10.10"]

1. e4 e5 2. Nf3 Nc6 3. Bc4 Bc5 4. c3 Nf6 5. d3 d5 6. exd5 Nxd5 7. O-O Bg4 8.
Nbd2 O-O 9. h3 Bh5 10. Ne4 Be7 11. Ng3 Bg6 12. Re1 f6 13. Bb3 Kh8 14. d4 exd4
15. Nxd4 Nxd4 16. Qxd4 c6 17. Ne2 1/2-1/2

[Event "BPB Limburg open C"]
[Site "Maastricht"]
[Date "2014.06.08"]
[Round "5"]
[White "Conte, Roberto"]
[Black "Hauffe, Frank"]
[Result "0-1"]
[WhiteElo "1689"]
[BlackElo "1731"]
[PlyCount "68"]
[EventDate "2014.06.06"]
[EventType "swiss"]
[EventRounds "7"]
[EventCountry "NED"]
[Source "P.Boonen"]
[SourceDate "2014.10.10"]

1. e4 c6 2. d4 d5 3. Nc3 dxe4 4. Nxe4 Nd7 5. Nf3 Ngf6 6. Bd3 Nxe4 7. Bxe4 Nf6
8. Bd3 Bg4 9. c3 e6 10. Bg5 Be7 11. h3 Bh5 12. g4 Bg6 13. Bxg6 hxg6 14. Qb3 Qc7
15. O-O-O Ne4 16. Be3 Bd6 17. Qc2 Nf6 18. Kb1 O-O-O 19. Nd2 Bf4 20. Nc4 Nd5 21.
Qe4 Rh7 22. Ne5 Nxe3 23. Qxf4 Nxd1 24. Rxd1 Rxh3 25. g5 Rdh8 26. Qe4 R8h4 27.
Qg2 Rh2 28. Qf3 R4h3 29. Qe4 Rxf2 30. Nxg6 Rhh2 31. Rh1 Rxb2+ 32. Kc1 Rb1+ 33.
Kxb1 Qb6+ 34. Kc1 Qb2+ 0-1

[Event "BPB Limburg open C"]
[Site "Maastricht"]
[Date "2014.06.08"]
[Round "5"]
[White "Dardha, Daniel"]
[Black "Dubbeldam, Lydia"]
[Result "1-0"]
[WhiteElo "1617"]
[BlackElo "1641"]
[PlyCount "65"]
[EventDate "2014.06.06"]
[EventType "swiss"]
[EventRounds "7"]
[EventCountry "NED"]
[Source "P.Boonen"]
[SourceDate "2014.10.10"]

1. e4 e6 2. d4 d5 3. Nc3 Nf6 4. Bg5 Bb4 5. exd5 exd5 6. Bd3 O-O 7. Nge2 c6 8.
O-O Bd6 9. Ng3 h6 10. Be3 Ng4 11. Qf3 Nxh2 12. Qh5 Nxf1 13. Bxh6 Nxg3 14. fxg3
Qf6 15. Bh7+ Kh8 16. Bg5 Qxg5 17. Qxg5 Kxh7 18. Kf2 f6 19. Rh1+ Kg8 20. Qg6 Be6
21. Rh7 Rf7 22. Qh5 Kf8 23. Rh8+ Ke7 24. Rg8 a6 25. Qh8 b5 26. Ne2 Kd7 27. Rc8
Bc7 28. Nf4 Bf5 29. Qe8+ Kd6 30. Rxb8 Rxb8 31. Qxf7 g5 32. Qxf6+ Kd7 33. Qxf5+
1-0

[Event "BPB Limburg open C"]
[Site "Maastricht"]
[Date "2014.06.08"]
[Round "5"]
[White "De Coninck, Erik"]
[Black "Katranova, Alicia"]
[Result "0-1"]
[WhiteElo "1628"]
[BlackElo "1289"]
[PlyCount "80"]
[EventDate "2014.06.06"]
[EventType "swiss"]
[EventRounds "7"]
[EventCountry "NED"]
[Source "P.Boonen"]
[SourceDate "2014.10.10"]

1. Nf3 d5 2. c4 e6 3. cxd5 exd5 4. g3 Nf6 5. Bg2 c6 6. O-O Nbd7 7. Nc3 Be7 8.
d3 O-O 9. a3 Re8 10. b4 Bd6 11. Bb2 Ne5 12. Qb3 Nxf3+ 13. Bxf3 Bh3 14. Rfe1 Qd7
15. b5 Qf5 16. bxc6 bxc6 17. Qd1 Qg5 18. Bc1 Qg6 19. e4 d4 20. Ne2 Be5 21. Nf4
Bxf4 22. Bxf4 Rac8 23. Rc1 Ng4 24. Rc5 f6 25. Qb3+ Kh8 26. Qa4 Ne5 27. Bxe5
fxe5 28. Rec1 Re6 29. Qxa7 Rf6 30. Be2 Rcf8 31. Qe7 Rxf2 32. Rxc6 Qf7 33. Qxf7
R8xf7 34. Rb6 h6 35. Rb2 Rg2+ 36. Kh1 Rff2 37. Rb8+ Kh7 38. Bf1 Rxh2+ 39. Kg1
Bxf1 40. Rxf1 Rfg2# 0-1

[Event "BPB Limburg open C"]
[Site "Maastricht"]
[Date "2014.06.08"]
[Round "5"]
[White "De Geest, Jan"]
[Black "Vande Ginste, Michiel"]
[Result "1-0"]
[WhiteElo "1661"]
[BlackElo "1503"]
[PlyCount "43"]
[EventDate "2014.06.06"]
[EventType "swiss"]
[EventRounds "7"]
[EventCountry "NED"]
[Source "P.Boonen"]
[SourceDate "2014.10.10"]

1. e4 c5 2. Nf3 d6 3. d4 cxd4 4. Qxd4 Nc6 5. Bb5 Bd7 6. Bxc6 Bxc6 7. Nc3 Nf6 8.
Bg5 e5 9. Qd3 h6 10. Bh4 Be7 11. O-O-O g5 12. Bg3 a6 13. Qe2 b5 14. Nxe5 Qc7
15. Nxc6 Qxc6 16. e5 dxe5 17. Bxe5 O-O 18. h4 b4 19. hxg5 bxc3 20. Rxh6 Qb7 21.
Bxc3 Ne4 22. Rh8# 1-0

[Event "BPB Limburg open C"]
[Site "Maastricht"]
[Date "2014.06.08"]
[Round "5"]
[White "De Mon, Gino"]
[Black "Nguyen, Sang"]
[Result "0-1"]
[WhiteElo "1744"]
[BlackElo "1334"]
[PlyCount "80"]
[EventDate "2014.06.06"]
[EventType "swiss"]
[EventRounds "7"]
[EventCountry "NED"]
[Source "P.Boonen"]
[SourceDate "2014.10.10"]

1. e4 d5 2. exd5 Qxd5 3. Nc3 Qd8 4. d4 c6 5. Nf3 Nf6 6. h3 Qc7 7. Bg5 h6 8. Bh4
Bf5 9. Bd3 Bxd3 10. Qxd3 Nbd7 11. Bg3 Qa5 12. O-O e6 13. Rfe1 Be7 14. Ne5 Rd8
15. Nc4 Qg5 16. Bc7 Rc8 17. Nd6+ Bxd6 18. Bxd6 Nd5 19. Ne4 Qd8 20. c4 N5f6 21.
Ng5 Nf8 22. Bxf8 Kxf8 23. Nf3 Qd6 24. b4 Qxb4 25. Rab1 Qe7 26. Rb2 b6 27. Rbe2
Qd6 28. Ne5 c5 29. Qa3 Rc7 30. dxc5 Qxc5 31. Qf3 Qe7 32. Rd2 Kg8 33. Nc6 Qc5
34. Rd8+ Kh7 35. Qd3+ g6 36. Rxh8+ Kg7 37. Rd8 Qxc6 38. Rc1 Qc5 39. Ra8 Rd7 40.
Qc2 Qc6 0-1

[Event "BPB Limburg open C"]
[Site "Maastricht"]
[Date "2014.06.08"]
[Round "5"]
[White "De Ridder, Yulian"]
[Black "Mestrom, Sterre"]
[Result "1-0"]
[WhiteElo "1348"]
[BlackElo "1201"]
[PlyCount "117"]
[EventDate "2014.06.06"]
[EventType "swiss"]
[EventRounds "7"]
[EventCountry "NED"]
[Source "P.Boonen"]
[SourceDate "2014.10.10"]

1. e4 d6 2. d4 g6 3. Nf3 Bg7 4. Nc3 Nf6 5. Bf4 O-O 6. h3 c5 7. e5 dxe5 8. Bxe5
cxd4 9. Bxd4 Nc6 10. Bc4 Bd7 11. Nd5 Nxd5 12. Bxd5 e6 13. Bxg7 Kxg7 14. Bc4 a6
15. Qd2 b5 16. Bd3 Ne7 17. h4 Bc6 18. h5 Bxf3 19. gxf3 Qd5 20. h6+ Kg8 21. Qc3
f6 22. Be4 Qd6 23. Bxa8 Rxa8 24. Qxf6 Nf5 25. Rh4 Rf8 26. Qc3 a5 27. Rh3 b4 28.
Qc4 Qe5+ 29. Kf1 Rd8 30. Re1 Qd6 31. Rxe6 Qd5 32. Qxd5 Rxd5 33. Re8+ Kf7 34.
Rh8 Rd2 35. Rxh7+ Kf6 36. Ra7 Rd8 37. h7 Rh8 38. Rxa5 Kg7 39. Ra7+ Kf6 40. Rb7
b3 41. cxb3 Nd6 42. Rb6 Ke5 43. a4 Nf7 44. Rxg6 Kd5 45. Rg8 Rxh7 46. Rxh7 Ne5
47. Rh5 Kd6 48. Rxe5 Kxe5 49. Ke2 Kd5 50. a5 Kc6 51. a6 Kb6 52. Rg6+ Ka7 53.
Kd3 Kb8 54. Kc4 Ka7 55. Kb5 Kb8 56. Kb6 Kc8 57. a7 Kd8 58. Rg7 Ke8 59. a8=Q#
1-0

[Event "BPB Limburg open C"]
[Site "Maastricht"]
[Date "2014.06.08"]
[Round "5"]
[White "Decruyenaere, Robbert"]
[Black "Schoppen, Jochem"]
[Result "1-0"]
[WhiteElo "1526"]
[BlackElo "1386"]
[PlyCount "101"]
[EventDate "2014.06.06"]
[EventType "swiss"]
[EventRounds "7"]
[EventCountry "NED"]
[Source "P.Boonen"]
[SourceDate "2014.10.10"]

1. d4 Nf6 2. c4 g6 3. Nc3 Bg7 4. e4 d6 5. Nf3 O-O 6. Be2 e5 7. dxe5 dxe5 8.
Qxd8 Rxd8 9. Bg5 Re8 10. O-O c6 11. Rfd1 h6 12. Bh4 g5 13. Bg3 Nh5 14. Bxe5 g4
15. Bxb8 Rxb8 16. Nd4 c5 17. Ndb5 Nf6 18. Bd3 a6 19. Nc7 Rd8 20. Rab1 Nh5 21.
N3d5 Bd4 22. Re1 Ng7 23. a3 h5 24. b4 cxb4 25. axb4 h4 26. g3 hxg3 27. hxg3 Nh5
28. Kg2 Be6 29. Rh1 Ng7 30. Nxe6 fxe6 31. Nf4 Rf8 32. c5 e5 33. Bc4+ Rf7 34.
Bxf7+ Kxf7 35. Ne2 Ne6 36. Rh4 Rg8 37. Rh7+ Ng7 38. Nxd4 exd4 39. Rd1 Rd8 40.
Rh4 Ne6 41. Rxg4 Nc7 42. e5 d3 43. Rc4 Nb5 44. f4 Na3 45. Rc3 Nc2 46. Kf2 Nxb4
47. Rb3 a5 48. Ke1 Rd4 49. Kd2 a4 50. Ra3 Re4 51. Rxa4 1-0

[Event "BPB Limburg open C"]
[Site "Maastricht"]
[Date "2014.06.08"]
[Round "5"]
[White "Disters, Ingrid"]
[Black "De Cocq, Ramin"]
[Result "0-1"]
[WhiteElo "1223"]
[BlackElo "1093"]
[PlyCount "82"]
[EventDate "2014.06.06"]
[EventType "swiss"]
[EventRounds "7"]
[EventCountry "NED"]
[Source "P.Boonen"]
[SourceDate "2014.10.10"]

1. e4 e6 2. Nf3 d5 3. exd5 exd5 4. d4 Be7 5. Bd3 Nf6 6. Nc3 Bd7 7. O-O h6 8.
Re1 O-O 9. Ne5 c5 10. Nxd7 Nbxd7 11. Be3 Qb6 12. dxc5 Bxc5 13. Bxc5 Nxc5 14. b3
Nxd3 15. Qxd3 Qc6 16. Ne2 Rac8 17. Rac1 Qd6 18. h3 Rfe8 19. c4 a6 20. cxd5 Rxc1
21. Rxc1 Qxd5 22. Qc2 Qb5 23. Ng3 Qd5 24. Rd1 Qc6 25. Qxc6 bxc6 26. Kf1 Kf8 27.
Rd6 Rc8 28. Nf5 Ne4 29. Rd4 Nc3 30. a4 Nd5 31. Rg4 Rd8 32. Rxg7 Nc3 33. g3 Rd5
34. g4 Rxf5 35. gxf5 Kxg7 36. Ke1 Kf6 37. Kd2 Nd5 38. Kd3 Kxf5 39. Kc4 Ke6 40.
b4 Kd7 41. b5 Nb6+ 0-1

[Event "BPB Limburg open C"]
[Site "Maastricht"]
[Date "2014.06.08"]
[Round "5"]
[White "Godde, Matthias"]
[Black "Van den Heede, Chris"]
[Result "1-0"]
[WhiteElo "1277"]
[BlackElo "1266"]
[PlyCount "57"]
[EventDate "2014.06.06"]
[EventType "swiss"]
[EventRounds "7"]
[EventCountry "NED"]
[Source "P.Boonen"]
[SourceDate "2014.10.10"]

1. d4 d5 2. Nf3 e6 3. e3 Nc6 4. c4 Nf6 5. Nc3 Bb4 6. Bd2 Bxc3 7. Bxc3 Ne4 8.
Bd3 Nxc3 9. bxc3 Qf6 10. O-O Bd7 11. Rb1 Rb8 12. c5 e5 13. Bb5 Bg4 14. Bxc6+
Qxc6 15. Nxe5 Bxd1 16. Nxc6 Bc2 17. Rb2 Ra8 18. Rxb7 Bd3 19. Rc1 Ba6 20. Rxa7
Rxa7 21. Nxa7 Kd7 22. Rb1 Ra8 23. Nb5 Rb8 24. c6+ Kd8 25. a4 Ke7 26. f3 f5 27.
Rb4 g5 28. Nxc7 Rxb4 29. Nxd5+ 1-0

[Event "BPB Limburg open C"]
[Site "Maastricht"]
[Date "2014.06.08"]
[Round "5"]
[White "Godding, Mick"]
[Black "Oxener, Aldo"]
[Result "1-0"]
[WhiteElo "1616"]
[BlackElo "1506"]
[PlyCount "57"]
[EventDate "2014.06.06"]
[EventType "swiss"]
[EventRounds "7"]
[EventCountry "NED"]
[Source "P.Boonen"]
[SourceDate "2014.10.10"]

1. f4 f5 2. b3 Nf6 3. Nf3 e6 4. e3 d5 5. c4 Bd6 6. Bb2 O-O 7. Nc3 c6 8. Be2
Nbd7 9. O-O b6 10. Rc1 Bb7 11. d4 Ne4 12. Ne5 Rf6 13. Rf3 Rh6 14. Nxe4 fxe4 15.
Rg3 Nf6 16. c5 Bc7 17. cxb6 Bxe5 18. dxe5 Nd7 19. Bg4 axb6 20. Bxe6+ Rxe6 21.
f5 Rxe5 22. Bxe5 Nxe5 23. Qd4 Qc7 24. Qxd5+ cxd5 25. Rxc7 Bc6 26. Rgxg7+ Kf8
27. Rxh7 Kg8 28. Rcg7+ Kf8 29. f6 1-0

[Event "BPB Limburg open C"]
[Site "Maastricht"]
[Date "2014.06.08"]
[Round "5"]
[White "Hammers, Michael"]
[Black "Lennartz, Ludwig"]
[Result "1/2-1/2"]
[WhiteElo "1604"]
[BlackElo "1511"]
[PlyCount "44"]
[EventDate "2014.06.06"]
[EventType "swiss"]
[EventRounds "7"]
[EventCountry "NED"]
[Source "P.Boonen"]
[SourceDate "2014.10.10"]

1. e4 c5 2. Nf3 d6 3. g3 g6 4. Bg2 Bg7 5. d3 Nc6 6. O-O Nf6 7. Nbd2 O-O 8. Re1
Qc7 9. Nf1 Rb8 10. Bd2 b5 11. Ne3 e6 12. h3 d5 13. exd5 exd5 14. Nf1 Nh5 15.
Rb1 Bb7 16. Qc1 Rbe8 17. Bh6 Ne5 18. Nxe5 Rxe5 19. Bxg7 Kxg7 20. Qd2 Rfe8 21.
Nh2 d4 22. Rxe5 Rxe5 1/2-1/2

[Event "BPB Limburg open C"]
[Site "Maastricht"]
[Date "2014.06.08"]
[Round "5"]
[White "Havenith, Julia"]
[Black "Roemhild, Wolfgang"]
[Result "0-1"]
[WhiteElo "1570"]
[BlackElo "1743"]
[PlyCount "86"]
[EventDate "2014.06.06"]
[EventType "swiss"]
[EventRounds "7"]
[EventCountry "NED"]
[Source "P.Boonen"]
[SourceDate "2014.10.10"]

1. e4 e5 2. Nf3 Nc6 3. Bb5 Nge7 4. O-O g6 5. d4 exd4 6. Nxd4 Bg7 7. c3 O-O 8.
Bf4 Nxd4 9. cxd4 c6 10. Be2 d5 11. e5 Be6 12. Nc3 Qd7 13. Na4 b6 14. Rc1 Rac8
15. b4 Qb7 16. a3 Bd7 17. h4 h6 18. g4 Kh7 19. Bd3 Rce8 20. h5 Qc8 21. f3 c5
22. bxc5 b5 23. Nc3 a6 24. Rb1 Kh8 25. Rf2 gxh5 26. Rh2 Ng6 27. Bxg6 fxg6 28.
Nxd5 Bc6 29. Nb6 Qd8 30. d5 Rxf4 31. dxc6 Rd4 32. Qc2 Re6 33. gxh5 Bxe5 34. Re2
Qg5+ 35. Rg2 Qxh5 36. Nd7 Bf4 37. Re2 Be3+ 38. Rf2 Rxc6 39. Qc3 Qg5+ 40. Kf1
Bxf2 41. Kxf2 Qd2+ 42. Qxd2 Rxd2+ 43. Ke3 Rxd7 0-1

[Event "BPB Limburg open C"]
[Site "Maastricht"]
[Date "2014.06.08"]
[Round "5"]
[White "Havenith, Michael"]
[Black "Zhang, Martin"]
[Result "1/2-1/2"]
[WhiteElo "1615"]
[BlackElo "1546"]
[PlyCount "67"]
[EventDate "2014.06.06"]
[EventType "swiss"]
[EventRounds "7"]
[EventCountry "NED"]
[Source "P.Boonen"]
[SourceDate "2014.10.10"]

1. c4 c6 2. Nf3 d5 3. b3 Bf5 4. Bb2 e6 5. e3 Nf6 6. Be2 Nbd7 7. O-O Bd6 8. d3
O-O 9. Nbd2 e5 10. Qc2 Bg6 11. Nh4 Re8 12. Nxg6 hxg6 13. e4 d4 14. a3 c5 15.
Nf3 Nh7 16. Qd2 a5 17. Rfb1 Qe7 18. Bc1 Nb8 19. Ng5 Nxg5 20. Qxg5 Qxg5 21. Bxg5
Be7 22. Bd2 Nc6 23. Bg4 Red8 24. f4 exf4 25. Bxf4 Bd6 26. Bxd6 Rxd6 27. Rb2 Ne5
28. Be2 Rf6 29. Rf1 Rxf1+ 30. Kxf1 Nc6 31. Bf3 f6 32. Ke2 g5 33. Bg4 Kf7 34.
Bf3 1/2-1/2